000 00610nam a2200229 a 4500
001 56775
003 BD-RjUL
005 20211209080430.0
008 161204s2001 ca b 00010 eng d
020 _a9840514792
035 _a(BD-RjUL)56899
040 _aANL
_beng
_dBD-RjUL
_cBD-RjUL
041 _aeng
082 0 _a297
_223
_bAHI 2001
100 1 _aAhmad, Taslim
_9168832
245 1 0 _aIslam and its prophet /
_cTaslim Ahmad
260 _aCanada :
_bT. Ahmad,
_c2001
300 _axi, 147 p. ;
_c21 cm.
504 _aIncludes bibliographical references.
650 _aIslam
_9168833
942 _2ddc
_cBK
999 _c56775
_d56775